| 000 | 00733nam a2200241 a 4500 | ||
|---|---|---|---|
| 001 | 72922 | ||
| 003 | BD-RjUL | ||
| 005 | 20211209082326.0 | ||
| 008 | 191206s1962 uk 001 0 eng d | ||
| 035 |
_a(BD-RjUL)73140 _aCURL 040000072028(Lee) from sgc42 |
||
| 040 |
_aBD-RjUL _beng _cBD-RjUL _dBD-RjUL |
||
| 041 | _aeng | ||
| 082 | 0 | 0 |
_a539.7 _218 _bELI 1962 |
| 100 | 1 |
_aElton, L. R. B. _q(Lewis Richard Benjamin) _928573 |
|
| 245 | 1 | 0 |
_aIntroductory Nuclear Theory / _cL.R.B. Elton |
| 260 |
_aLondon : _bPitman, _cc1959.[1962] |
||
| 300 |
_aix, 286 p. : _bill ; _c23 cm |
||
| 500 | _aPrevious ed. (B59-10038) 1959. | ||
| 504 | _aIncludes index. | ||
| 650 | 0 |
_aAtoms. _925783 |
|
| 650 | 0 |
_aNuclear physics. _930235 |
|
| 942 |
_2ddc _cBK |
||
| 999 |
_c72922 _d72922 |
||